000 00654nam a22001937a 4500
999 _c1641
_d1641
005 20251125232739.0
008 th tha d
040 _aNALT
041 _atha
050 _aDS570.6 ภ7ก7
100 0 _aกุลทรัพย์ เกษแม่นกิจ
245 1 0 _aรัชดาภิเษกสมรส
260 3 _bศิริมิตรการพิมพ์,
_cม.ป.ป.
300 _a1 เล่ม :
_b ภาพระกอบ
650 0 4 _aราชสกุลวงศ์ -- ภาพ
850 _aNALT
856 _uhttps://hdl.handle.net/20.500.14156/361757
_71
942 _cGB
_2lcc